Statistics for Cities by Stadium #2

Click here to take the quiz!

General Stats

  • This quiz has been taken 16 times
  • The average score is 6 of 15

Answer Stats

StadiumCity% Correct
Fenway ParkBoston
89%
Wells Fargo CenterPhiladelphia
67%
Verizon CenterWashington, D.C.
67%
PNC ParkPittsburgh
44%
Target FieldSt. Paul/Minneapolis
44%
Rogers CentreToronto
44%
EverBank FieldJacksonville
33%
Smoothie King CenterNew Orleans
33%
Chesapeake Energy ArenaOklahoma City
33%
Petco ParkSan Diego
33%
MTS CentreWinnipeg
33%
Amway CenterOrlando
22%
AT&T CenterSan Antonio
22%
Rogers ArenaVancouver
22%
US Airways CenterPhoenix
11%

Score Distribution

Percentile by Number Answered

Percent of People with Each Score

Your Score History

You have not taken this quiz